<?xml version="1.0" encoding="UTF-8"?>
<collection xmlns="http://www.loc.gov/MARC21/slim">
 <record>
  <leader>00581cam a2200169 7i4500</leader>
  <controlfield tag="001">0000067030</controlfield>
  <controlfield tag="005">20090721090000.0</controlfield>
  <controlfield tag="008">090721s2007    ii a     b    001 0 eng  </controlfield>
  <datafield tag="020" ind1="#" ind2="0">
   <subfield code="a">9781588265111 </subfield>
  </datafield>
  <datafield tag="020" ind1="#" ind2="0">
   <subfield code="a">9781588265357 </subfield>
  </datafield>
  <datafield tag="090" ind1="0" ind2="0">
   <subfield code="a">LB 1778 </subfield>
   <subfield code="b">.B3 2007</subfield>
  </datafield>
  <datafield tag="245" ind1="0" ind2="0">
   <subfield code="a">On the market strategies for a successful academic job search  </subfield>
   <subfield code="c">Sandra L. Barnes.</subfield>
  </datafield>
  <datafield tag="260" ind1="#" ind2="#">
   <subfield code="a">London: </subfield>
   <subfield code="b">Lynne Rienner Pub., </subfield>
   <subfield code="c">2007.</subfield>
  </datafield>
  <datafield tag="300" ind1="#" ind2="#">
   <subfield code="a">xi, 207 p.: </subfield>
   <subfield code="b">ill.; </subfield>
   <subfield code="c">23 cm.</subfield>
  </datafield>
  <datafield tag="650" ind1="0" ind2="0">
   <subfield code="a">College teachers </subfield>
  </datafield>
  <datafield tag="650" ind1="0" ind2="0">
   <subfield code="a">College teaching -- </subfield>
   <subfield code="x">Vocational guidance </subfield>
  </datafield>
  <datafield tag="999" ind1=" " ind2=" ">
   <subfield code="a">1100062311</subfield>
   <subfield code="b">Book</subfield>
   <subfield code="c">Open Shelf</subfield>
   <subfield code="e">KOLEKSI TERBUKA</subfield>
  </datafield>
 </record>
</collection>
